Green marketing : challenges and opportunities for the new marketing age.
| Main Author: | |
|---|---|
| Format: | Book |
| Published: |
Lincolnwood, Illinois:
NTC Business Books,
1994.
|
| Subjects: |
| LEADER | 00480cam a2200157 7i4500 | ||
|---|---|---|---|
| 001 | 0000004571 | ||
| 005 | 19991025090000.0 | ||
| 002 | ##000006076 | ||
| 020 | 0 | 0 | |a 0-8442-3290-4 |
| 090 | 0 | 0 | |a B 658.802 |b OTT |
| 100 | 1 | 0 | |a Ottman |
| 245 | 1 | 0 | |a Green marketing : |b challenges and opportunities for the new marketing age. |
| 260 | 0 | 0 | |a Lincolnwood, Illinois: |b NTC Business Books, |c 1994. |
| 300 | 0 | 0 | |a 188p.. |
| 650 | 0 | 0 | |a Green marketing |
| 999 | |a 0000007244 |b Book |c Open shelf |e Business Information Centre | ||


